000 00750pam a2200241 a 4500
001 3769613
005 20160810090320.0
008 831031s1984 nyua 001 0 eng
010 _a 83023300
020 _a0442208758 :
_c$25.50
040 _aDLC
_cDLC
_dDLC
050 0 0 _aNA2500
_b.A394 1984
082 0 0 _a720/.1
_219
100 1 _aAbercrombie, Stanley.
245 1 0 _aArchitecture as art :
_ban esthetic analysis /
_cStanley Abercrombie.
260 _aNew York :
_bVan Nostrand Reinhold,
_cc1984.
300 _a176 p. :
_bill. ;
_c24 cm.
500 _aIncludes index.
650 0 _aArchitecture.
650 0 _aAesthetics.
906 _a7
_bcbc
_corignew
_d1
_eocip
_f19
_gy-gencatlg
942 _2lcc
_cBOOKS
_hNA 500 .A394 1984
999 _c13135
_d13135